Responses for Show #797 - Tuesday, February 9, 1988

1988 Teen Tournament quarterfinal game 2.

Contestants

[<< previous game]

Stefanie Wulfestieg, a senior from Tacoma, Washington

Michael Block, a senior from Staten Island, New York

Julie Robichaux, a junior from Marietta, Georgia

[next game >>]

Jeopardy! Round responses

AMERICAN HISTORY
TRANSPORTATION
SPORTS
POE
YOUNG STARS
ENDS IN "TY"
    $100 4
Betsy Ross

Michael
    $100 16
train

Julie
    $100 28
golf

Michael
    $100 1
Paris

Michael
    $100 11
Charlie Sheen

Michael
    $100 22
sooty

Stefanie
    $200 5
Charles Lindbergh

Michael
    $200 17
elephants

Stefanie
    $200 13
[More of the Surfaris is played going into the first commercial break.]

figure skating

Julie
    $200 9
the raven

Stefanie
    $200 18
Phoenix

Stefanie
    $200 23
city

Stefanie
    $300 6
Lafayette

Michael
    $300 29
chariots

Michael
    $800 12
(Alex: "Wipe Out" by The Surfaris.)

surfing

Michael
    $300 10
The Bells

Julie
    $300 19
Gold

Michael
    $300 24
infinity

Stefanie
    $400 7
Merrimack & Monitor

Michael
    $400 30
people (human beings)

Stefanie
    $400 3
quarter horse

Stefanie
    $400 14
(Stefanie: What is "The Cask of Amontillado"?)

"The Pit and the Pendulum"

JulieStefanie
    $400 20
Kiefer Sutherland

Stefanie
    $400 25
maturity

Stefanie
    $500 8
Spain

Julie
    $500 27
(Elisha) Otis

Stefanie
    $500 2
high jump

Michael
    $500 15
Virginia (Clemm)

Julie
    $500 21
Joel Grey

Stefanie
    $500 26
pretty

Michael

Scores at the first commercial break (after clue 13):

Julie Michael Stefanie
$1,000 $2,500 $600

Scores at the end of the Jeopardy! Round:

Julie Michael Stefanie
$2,000 $3,700 $3,400

Double Jeopardy! Round responses

WORLD GEOGRAPHY
MUSIC
MEDICINE
GENESIS
FAMOUS QUOTES
-OLOGIES
    $200 3
Brazil

Stefanie
    $200 1
organ

Julie
    $200 30
rubber bands

Stefanie
    $200 13
Noah's Ark

Michael
    $200 20
all work and no play

Stefanie
    $200 15
ornithology

Michael
    $400 4
(Michael: What is southwest?)

southeast

MichaelStefanie
    $400 2
jazz

Stefanie
    $400 29
smallpox

Julie
    $1,000 9
Adam & Eve

Michael
    $400 21
(Julie: Who is Patrick Henty?)
(Michael: Who is George Washington?)

Thomas Paine

JulieMichael
Triple Stumper
    $400 16
paleontology

Michael
    $600 5
(Stefanie: Um... uh...)

Libya

MichaelStefanie
    $600 10
Beethoven

Michael
    $600 28
myopia (nearsightedness)

Michael
    $600 8
Abraham

Michael
    $600 22
the spoils

Stefanie
    $600 17
cosmetology

Michael
    $800 6
Venice, Italy

Michael
    $800 11
Wagner

Julie
    $800 27
post-mortem

Michael
    $800 14
Cain

Stefanie
    $800 23
(Julie: What is myself?)

I never met a man I didn't like

Julie
Triple Stumper
    $900 18
China

Michael
    $1000 7
(Stefanie: What is the Dominican Republic?)
(Julie: What is Haiti?)

the Bahamas

JulieStefanie
Triple Stumper
    $1000 12
Gregory

Michael
    $1000 26
ringing of the ears

Julie
    $1000 25
Joseph

Stefanie
    $1000 24
kill a mockingbird

Stefanie
    $1000 19
(Stefanie: What is toxology?)

toxicology

Stefanie
Triple Stumper

Scores at the end of the Double Jeopardy! Round:

Julie Michael Stefanie
$2,200 $11,200 $5,600
(lock-tie game)

Final Jeopardy! Round responses

THE PRESIDENT'S CABINET
JulieWho is Billy Carter?
$1,600
StefanieWho was Robert Kennedy?
$5,000
MichaelWho is Robert Kennedy?
$1
Robert F. Kennedy (from his brother John)

Final scores:

Julie Michael Stefanie
$600 $11,201 $10,600
3rd place: $1,000 if not wild card semifinalist Automatic semifinalist 2nd place: $1,000 if not wild card semifinalist

Game dynamics:

Coryat scores:

Julie Michael Stefanie
$2,200 $10,000 $5,600
10 R,
3 W
25 R
(including 3 DDs),
2 W
21 R,
4 W

Combined Coryat: $17,800

[game clues] [game scores] [suggest correction]

Game tape date: 1988-01-04
The J! Archive is created by fans, for fans. Scraping, republication, monetization, and malicious use prohibited; this site may use cookies and collect identifying information. See terms. The Jeopardy! game show and all elements thereof, including but not limited to copyright and trademark thereto, are the property of Jeopardy Productions, Inc. and are protected under law. This website is not affiliated with, sponsored by, or operated by Jeopardy Productions, Inc. Join the discussion at JBoard.tv.